=LDR 00000nam 2200000 4500 =001 INLIS000000000036659 =005 20240531035710 =035 ##$$a 0010-061300000036659 =008 240531################g##########0#ind## =041 ##$$a Ind =082 ##$$a 808.83 =090 ##$$a 808.83, Zar b =100 ##$$a Zarita =245 1#$$a Bulu ajaib burung yang bijak, 75 kisah kearifan dari timur Tengah, /$c Zarita =260 ##$$a Jakarta :$b Gramedia pustaka,$c 2011 =300 ##$$a 412 hlm, ; $c 21 cm =650 #4$$a Fiksi Historis =850 ##$$a NBPNMAT =020 ##$$a 978-979-22-7081-5 =084 ##$$a 808.83 ZAR b =500 ##$$a Daftar pustaka: Hal. 412 =990 ##$$a 21104128 =990 ##$$a 21400613/BPAP-NTB/20142014 =990 ##$$a 21104128 =990 ##$$a 21400613/BPAP-NTB/20142014 =990 ##$$a 21104129 =990 ##$$a 21104128